[Event "POL Academic Cup 2nd"]
[Site "Wroclaw"]
[Date "2007.04.29"]
[Round "3"]
[White "Jarczynski, Robert"]
[Black "Kubicki, Marek"]
[Result "0-1"]
[WhiteElo "1997"]
[BlackElo "2170"]
[PlyCount "50"]
[EventDate "2007.04.28"]
[EventType "swiss"]
[EventRounds "9"]
[EventCountry "POL"]
[SourceTitle "EXT 2011"]
[Source "ChessBase"]
[SourceDate "2010.11.26"]
[SourceVersion "1"]
[SourceVersionDate "2010.11.26"]
[SourceQuality "1"]

1. e4 c6 2. d3 d5 3. Nd2 e5 4. Ngf3 Bd6 5. g3 Ne7 6. Bg2 0-0 7. 0-0 f5 8. exf5 Bxf5 9. Re1 Nd7 10. Nh4 Be6 11. Ndf3 h6 12. h3 g5 13. Bxg5 hxg5 14. Nxg5 Bf7 15. Nxf7 Rxf7 16. Qh5 Nf8 17. Bf3 Rh7 18. Qg4+ Rg7 19. Qh5 Qe8 20. Qh6 Bc7 21. Bh5 Qd7 22. g4 Qe6 23. Qe3 Nf5 24. Nxf5 Qxf5 25. Kh1 Qf6 0-1

[Event "Leutersdorf Muench Braeu op 12th"]
[Site "Leutersdorf"]
[Date "2007.02.13"]
[Round "6"]
[White "Roessler, Frank Peter"]
[Black "Jarczynski, Robert"]
[Result "1-0"]
[WhiteElo "2138"]
[BlackElo "1963"]
[PlyCount "83"]
[EventDate "2007.02.10"]
[EventType "swiss"]
[EventRounds "7"]
[EventCountry "GER"]
[SourceTitle "EXT 2008"]
[Source "ChessBase"]
[SourceDate "2007.11.25"]
[SourceVersion "1"]
[SourceVersionDate "2007.11.25"]
[SourceQuality "1"]

1. f4 e5 2. fxe5 d6 3. exd6 Bxd6 4. Nf3 Nf6 5. d4 Ng4 6. Qd3 0-0 7. Bg5 f6 8. Bh4 Re8 9. e4 Bf5 10. Nc3 Bf4 11. Be2 Bg6 12. 0-0 Ne3 13. Rfe1 Nc6 14. Bf1 Nb4 15. Qb5 Nbxc2 16. Bd3 Nxa1 17. Rxa1 Qc8 18. h3 a6 19. Qb3+ Bf7 20. d5 c6 21. Bf2 cxd5 22. exd5 Qd7 23. Bxe3 Bxe3+ 24. Kh1 b5 25. Qc2 g6 26. Ne4 Qd8 27. Qc6 Kg7 28. Nd6 Re7 29. Nxf7 Rxf7 30. Re1 Bf4 31. Nd4 Qa5 32. Ne6+ Kh6 33. Re2 Qxa2 34. Nxf4 Qa1+ 35. Kh2 Qf1 36. Ne6 Raa7 37. d6 f5 38. Qc5 Rad7 39. Qe3+ f4 40. Qe5 Rf5 41. Bxf5 f3 42. Qf4+ 1-0